Airports served by Ryanair - Extreme - Statistics

General Stats
  • This quiz has been taken 804 times
  • The average score is 96 of 228
Answer Stats
Answer % Correct
Dublin
88%
Madrid
81%
Manchester
81%
Barcelona
80%
Glasgow
80%
Amsterdam
79%
Edinburgh
79%
Athens
78%
Frankfurt
78%
Brussels
76%
Lisbon
76%
Belfast
75%
Budapest
75%
Gatwick
75%
Porto
75%
Copenhagen
74%
Cork
74%
Nice
74%
Venice
74%
Hamburg
73%
Luton
73%
Munich
73%
Prague
73%
Vienna
73%
Krakow
72%
Marseille
72%
Riga
72%
Bucharest
71%
Liverpool
71%
Malaga
71%
Palma de Mallorca
71%
Stansted
70%
Cologne
68%
Leeds
68%
Naples
68%
Palermo
68%
Valencia
68%
Vilnius
68%
Gdansk
67%
Lyon
67%
Seville
67%
Zurich
67%
Dusseldorf
66%
Sofia
66%
Alicante
65%
Ibiza
65%
Newcastle
65%
Cardiff
64%
Heraklion
64%
Faro
63%
Turin
63%
Aberdeen
62%
Bordeaux
62%
Bari
61%
Bristol
61%
Valletta
61%
Bratislava
60%
EuroAirport
60%
Orly
59%
Stuttgart
59%
Tallinn
59%
Thessaloniki
58%
Toulouse
58%
Salzburg
57%
Bologna
56%
Catania
56%
Lille
56%
Bergamo
55%
Genoa
55%
Nantes
55%
Shannon
55%
Eindhoven
54%
Malmo
54%
Malpensa
54%
Pisa
54%
Corfu
53%
Gothenburg
53%
Bremen
52%
Gran Canaria
52%
Katowice
52%
Innsbruck
51%
Wroclaw
51%
Leipzig
50%
Verona
50%
Kos
49%
Tel aviv
49%
Cagliari
48%
Fiumicino
48%
Graz
48%
Rabat
48%
Strasbourg
48%
Tegel
48%
Brno
47%
Rhodes
47%
Menorca
46%
Tenerife South
46%
Charleroi
45%
Dortmund
45%
Lodz
45%
Luxembourg
45%
Poznan
45%
Zaragoza
45%
Aarhus
44%
Lanzarote
44%
Varna
44%
Kaunas
43%
Larnaca
43%
Nuremberg
43%
Santorini
43%
Ciampino
42%
Tenerife North
42%
Beauvais
41%
Brest
41%
East Midlands
41%
Montpellier
41%
Aalborg
40%
Chopin
40%
Girona
40%
Marrakesh
40%
Linz
39%
Murcia
39%
Mykonos
39%
Podgorica
39%
Trieste
39%
Fuerteventura
38%
Hannover
38%
Lublin
38%
Maastricht
37%
Modlin
37%
Vigo
37%
Billund
36%
Brindisi
36%
Burgas
36%
Zadar
36%
Grenoble
35%
Paphos
35%
Santander
35%
Chania
34%
Santiago de Compostela
34%
Tangier
34%
Agadir
33%
Fez
33%
Ostrava
33%
Schonefeld
33%
Coruna
32%
Derry
32%
Almeria
31%
Amman
31%
Olbia
31%
Rimini
31%
Hahn
30%
Timisoara
30%
Treviso
30%
Karlsruhe
29%
Reus
29%
Tampere
29%
Torp
29%
Ancona
28%
Memmingen
28%
Bournemouth
27%
Perpignan
27%
Ponta Delgada
27%
Pula
27%
Jerez de la Frontera
26%
Parma
26%
Plovdiv
26%
Valladolid
26%
Biarritz
25%
Lamezia
25%
Weeze
25%
Alghero
24%
Knock
24%
Nimes
24%
Skavsta
24%
Szczecin
24%
Munster
23%
Nis
23%
Pescara
23%
Bydgoszcz
22%
Eilat
22%
Glasgow Prestwick
22%
Rijeka
22%
Kalamata
21%
Kerry
21%
La Rochelle
21%
Rzeszow
21%
Tours
21%
Trapani
21%
Newquay
20%
Perugia
20%
Aqaba
19%
Clermont-Ferrand
19%
Limoges
18%
Lourdes
18%
Dalaman
17%
Gardermoen
17%
Palanga
17%
Vasteras
17%
Carcassonne
16%
Castellon
16%
Paderborn
16%
Vitoria
16%
Comiso
15%
Figari
15%
Poitiers
15%
Bergerac
14%
Nador
14%
Saint Etienne
14%
Beziers
13%
Vaxjo
13%
Dinard
12%
Olsztyn
12%
Oujda
12%
Vatry
12%
Craiova
11%
Terceira
11%
Crotone
10%
Lorient
10%
Haugesund
9%
Lappeenranta
9%
Oradea
9%
Pardubice
9%
Cephalonia
8%
Cuneo
8%
Dole
8%
Rodez
7%
Brive
5%
Deauville
5%
No matching quizzes found
Score Distribution
Percent of People with Each Score
Percentile by Number Answered
Your Score History
You have not taken this quiz